REVIEW OF MEDICAL PHYSIOLOGY (Record no. 3989)

MARC details
000 -LEADER
fixed length control field 00371nam a2200145Ia 4500
008 - FIXED-LENGTH DATA ELEMENTS--GENERAL INFORMATION
fixed length control field 150201s2003 xx 000 0 und d
082 ## - DEWEY DECIMAL CLASSIFICATION NUMBER
Classification number 612
Item number R2003G
100 ## - MAIN ENTRY--PERSONAL NAME
Personal name GANONG,WILLIAM
245 ## - TITLE STATEMENT
Title REVIEW OF MEDICAL PHYSIOLOGY
250 ## - EDITION STATEMENT
Edition statement 21TH
260 ## - PUBLICATION, DISTRIBUTION, ETC. (IMPRINT)
Name of publisher, distributor, etc. Mc-GRAW-HILL L PUBLISHING
Place of publication, distribution, etc. BOSTON(LONDON)
Date of publication, distribution, etc. 2003
300 ## - PHYSICAL DESCRIPTION
Extent 1-912
650 ## - SUBJECT ADDED ENTRY--TOPICAL TERM
Topical term or geographic name as entry element PHYSIOLOGY
942 ## - ADDED ENTRY ELEMENTS (KOHA)
Source of classification or shelving scheme Dewey Decimal Classification
Koha item type Books
Koha issues (borrowed), all copies 4
Holdings
Withdrawn status Lost status Source of classification or shelving scheme Damaged status Not for loan Home library Current library Date acquired Source of acquisition Cost, normal purchase price Serial Enumeration / chronology SGTU Bill Number Total Checkouts Full call number Barcode Date last seen Date last checked out Bill Date Koha item type
    Dewey Decimal Classification     SGT Dental Library SGT Dental Library 18/02/2008 U.B.S.DELHI 950.00 1 SGTU 1023 1 612 R2003G FD5101 04/08/2015 27/04/2015 15/01/2013 Books
    Dewey Decimal Classification     SGT Dental Library SGT Dental Library 18/02/2008 U.B.S.DELHI 950.00 1 SGTU 1023   612 R2003G FD5102 09/02/2015   15/01/2013 Books
    Dewey Decimal Classification     SGT Dental Library SGT Dental Library 18/02/2008 U.B.S.DELHI 950.00 1 SGTU 1023 4 612 R2003G FD5103 10/06/2024 29/05/2024 15/01/2013 Books
    Dewey Decimal Classification     SGT Dental Library SGT Dental Library 18/02/2008 U.B.S.DELHI 950.00 1 SGTU 1023 1 612 R2003G FD5104 28/08/2017 28/08/2017 15/01/2013 Books
    Dewey Decimal Classification     SGT Dental Library SGT Dental Library 18/02/2008 U.B.S.DELHI 950.00 1 SGTU 1023   612 R2003G FD5105 09/02/2015   15/01/2013 Books